000 006610000a22002050004500
001 768714001
003 CO-MdFUSB
005 20170418123717.0
008 170418s2008 it ||||| |||| 00| 0 i d
022 _a1126-8557
040 _aCO-MdFUSB
_bspa
_cCO-MdFUSB
_dCO-MdFUSB
041 _aita
100 1 _aNitrola, Antonio.
_eautor
245 1 0 _aUna reflessione sul rapporto tra filosofia e teologia (terza parte)
300 _aVolumen 11, número 1, (2008), páginas 131-152
_c24 cm.
546 _aTexto en italiano
650 1 4 _aTEOLOGIA Y FILOSOFIA
773 0 _tAlpha omega
_049514
_961521
_gVolumen 11, número 1, (2008)
_qpáginas 131-152
942 _cANA
999 _c63178
_d63178